Sort the Texas Teams Quiz Stats

 Plays Quiz Updated Sep 28, 2018

Score 0/8 Timer 00:30
0 Plays Today
Question Answer Wrong Answers
Dallas Cowboys NFL
96.4%
MLB
0.5%
NBA
0.6%
NHL
0.4%
San Antonio Spurs NBA
95.8%
MLB
0.9%
NFL
0.6%
NHL
0.7%
Houston Astros MLB
94.8%
NBA
1.4%
NFL
0.7%
NHL
1%
Houston Rockets NBA
94.6%
MLB
1.5%
NFL
0.5%
NHL
1.2%
Dallas Mavericks NBA
93.7%
MLB
1.4%
NFL
0.7%
NHL
2%
Houston Texans NFL
93.6%
MLB
2.6%
NBA
0.8%
NHL
0.8%
Dallas Stars NHL
92.5%
MLB
1.6%
NBA
2.7%
NFL
0.9%
Texas Rangers MLB
92.5%
NBA
0.7%
NFL
1.4%
NHL
3.3%

You're not logged in!

Compare scores with friends on all Sporcle quizzes.
OR
Log In

Sporcle TV

Today on Sporcle TV


Watch our educational content, quiz creation guides, and fun videos on Sporcle TV.

Show Comments

Extras

Top Quizzes Today


Score Distribution

Your Account Isn't Verified!

In order to create a playlist on Sporcle, you need to verify the email address you used during registration. Go to your Sporcle Settings to finish the process.

Report this User

Report this user for behavior that violates our Community Guidelines.

Details: